| 000 | 00377nam a2200157Ia 4500 | ||
|---|---|---|---|
| 008 | 230312s9999||||xx |||||||||||||| ||und|| | ||
| 020 | _a1-8439-8135-1 | ||
| 082 |
_a658.456 _bCAN-M |
||
| 100 | _aJames A. Cannon | ||
| 245 | 0 | _aMaking the Business Case | |
| 260 |
_bCIPD _aUK _c2006 |
||
| 300 | _a265 | ||
| 546 | _aEng. | ||
| 650 |
_aManagement _vBusiness Planning |
||
| 942 | _cBK | ||
| 999 |
_c363 _d363 |
||